00390nam a2200145Ia 4500008004100000020001800041041000800059082001800067100002000085245004700105250000600152260006500158300001200223650000900235210716s2016 xx 000 0 und d a9789352134038 aeng a005.1372 SAND aSanderson, Dan. aProgramming google app engine with python. a1 aNew DelhibShroff Publishers and Distributors Pvt Ltdc2016 axxi,437 aNone